000 00514nam a2200145 a 4500
008 120416s1964 ||||||||||||||||| || u
050 _aTA 444 Abe
100 _aAbeles, Paul William
245 1 3 _aAn introduction to prestressed concrete
246 _avol.1
260 _aLondon
_bConcrete Publications
_c1964
300 _axii, 384p. : ill
350 _a0.00
995 _D0.00
_FCBU-MAIN LIBRARY (Kitwe)
_H1
_I3.00
_UAVAILABLE
_ZMain Library Open Access Collection
999 _c47951
_d47951